000 00934nam a2200229Ia 4500
003 PE SENCICO BE
005 20251020182431.0
008 200515s9999 xx 000 0 und d
040 _aPE SENCICO BE
_cPE SENCICO BE
041 _aspa
082 _a335.00983
_bL31
100 1 _aLavin, Joaquin
_92573
_eautor
245 1 0 _aChile revolución silenciosa /
_cJoaquin Lavin
250 _a6a ed.
260 _aSantiago :
_bZig Zag ;
_c1988
300 _a155 p. :
_c18 cm.
505 0 _aLas tendencias de la revolución silenciosa -- Integración con el mundo -- Made in Chile -- Nuevos polos de desarrollo -- El chileno informado -- La empresa eficiente -- El gobierno se acerca -- "Clientización" de la economía -- Los nuevos negocios del sector privado -- Profesionalización del combate a la pobreza
650 1 0 _aPolítica económica
_9732
650 2 0 _aPolítica social
_92359
651 1 0 _92574
_aChile
942 _cLIB
_2ddc
999 _c238
_d238